| 000 | 00380nam a2200145Ia 4500 | ||
|---|---|---|---|
| 005 | 20250409081934.0 | ||
| 008 | 231217s9999 xx 000 0 und d | ||
| 020 | _a9788126537099 | ||
| 082 | _a001.642 DOE;1 R | ||
| 100 | _aDoeppner, Thomas W. | ||
| 245 | 0 | _aOperating systems in depth | |
| 260 |
_c2011 _bJohn willey and Sons _aNew Delhi |
||
| 300 | _axvi, 444 | ||
| 942 | _cAA | ||
| 999 |
_c194528 _d194528 |
||